01324nam a2200277 a 4500001001000000005001700010008004100027041000800068044000700076084002000083100004500103245008700148260003100235300001700266500017500283500009100458500018300549500001100732546002500743650005200768650005600820650003400876650004500910700004100955740005000996BRCA_313520190320204128.0050209s1864----fr-#---###---#000-0dfre-u afre afr a438b.H34c18641 aCervantes Saavedra, Miguel ded1547-161610aL´Ingenieux Hidalgo Don Quichotte de la Manchecpar Miguel de Cervantes Saavedra. aParísbL. Hachettec1864 a2 v.c18 cm. aContenido : v 1. Primera parte. Noticia sobre la vida y obra de Cervantes por Louis Viardot. Prólogo del autor. Texto. -- v 2. Segunda parte. Prólogo del autor. Texto aEdición : Nouvelle edition et annotée par Louis Viardot. Publication de Ch. Lahure aReproducción de la famosa traducción de Viardot. Sin ilustraciones. La parte tipográfica esmerada y el papel regular. Semipiel; lomos decorados con dorados Lúdovik Osterc aQM364A aTexto en : francés14aNovela españolayÉpoca clásica, 1500-170014aLiteratura españolayÉpoca clásica, 1500-170014aNovela españolaySiglo XVII14aDon Quijote (Personaje ficticio)eNovela1 aViardot, Louisd1800-1883eTraductor0 aEl Ingenioso Hidalgo Don Quijote de la Mancha